| 000 | 00431nam a22001337a 4500 | ||
|---|---|---|---|
| 040 | _cNUST | ||
| 082 | _a200 THE | ||
| 100 |
_aJawadullah _984873 |
||
| 110 |
_aSupervisor Dr. Hasan Aftab Saeed _984874 |
||
| 245 | _aTH-SOF-1480-Modeling of Delamination Failure in Woven Fabric Reinforced Composites Under Mixed Mode Loading | ||
| 260 |
_aISLAMABAD: _bNUST College of EME, _c2017. |
||
| 650 |
_aMS-MECH-80 _984875 |
||
| 942 |
_2ddc _cTHE |
||
| 999 |
_c586853 _d586853 |
||